Municipios de la Comarca de Torrijos - Estadísticas

Estadísticas generales
  • Esta prueba ha sido intentada 18 veces
  • La puntuación promedio es 19 de 45
Estadísticas de respuestas
Población (2023) Municipio % Correcto
13.885 Torrijos
100%
2.617 Gerindote
77%
7.885 La Puebla de Montalbán
77%
1.300 Burujón
69%
12.329 Fuensalida
69%
3 Illán de Vacas
69%
3.388 Novés
62%
806 Rielves
62%
735 Albarreal de Tajo
54%
1.039 Barcience
54%
2.011 El Casar de Escalona
54%
3.669 Escalona
54%
1.469 Escalonilla
54%
126 Paredes de Escalona
54%
1.056 Villamiel de Toledo
54%
1.862 El Carpio de Tajo
46%
881 La Mata
46%
2.308 Portillo de Toledo
46%
3.436 Santa Olalla
46%
1.165 Santo Domingo-Caudilla
46%
2.396 Almorox
38%
848 Carmena
38%
3.191 Cebolla
38%
949 Hormigos
38%
849 Huecas
38%
1.649 Malpica de Tajo
38%
1.721 Quismondo
38%
3.901 Santa Cruz del Retamar
38%
1.075 Arcicóllar
31%
4.439 Camarena
31%
629 Camarenilla
31%
270 Carriches
31%
225 Erustes
31%
496 Maqueda
31%
6.019 Méntrida
31%
762 Alcabón
23%
387 Domingo Pérez
23%
1.846 La Torre de Esteban Hambrán
23%
421 Los Cerralbos
23%
597 Lucillos
23%
205 Mesegar de Tajo
23%
573 Montearagón
23%
907 Nombela
23%
419 Otero
23%
204 Aldea en Cabo
15%
No se encontraron pruebas coincidentes
Distribución de puntuación
Porcentaje de gente con cada puntuación
Porcentaje por número respondido
Historial de tus puntuaciones
No has intentado esta prueba.